000 01044cam a2200241 4500
001 ABS65214
008 020326n2002 000 0 eng u
035 _a(Sirsi) u117243
100 _aKamasho, C.
245 _aTurning information into knowledge
260 _c2002
490 _aCSM
_bChartered Surveyor Monthly
_vMarch 2002, 28-29(2)
520 _aKnowledge management in an organisation is a key investment. Examines some of the processes of capturing information in order to retain knowledge within the organisation. Looks at gathering information and benchmarking - a stage at which the Key Performance Indicators can be measured. Highlights how the Building Cost Information Service (BCIS) can help subscribers capture their data.
590 _aABS
650 _aBCIS
650 _aKNOWLEDGE MANAGEMENT
650 _aKEY PERFORMANCE INDICATORS
650 _aCONSTRUCTION INDUSTRY
650 _aBENCHMARKING
650 _aMANAGEMENT-BUSINESS MANAGEMENT-INFORMATION MANAGEMENT
690 _aBUILT ENVIRONMENT
942 _n0
999 _c69842
_d69842